Que espera un no cristiano de la Iglesia en el problema de la formación y del desarrollo de las normas de la vida pública (Record no. 633564)
[ view plain ]
| 000 -CABECERA | |
|---|---|
| Campo de control de longitud fija | 00522nab a2200145Ia 4500 |
| 003 - IDENTIFICADOR DEL NÚMERO DE CONTROL | |
| Campo de control | ES-SlBCS |
| 005 - FECHA Y HORA DE LA ÚLTIMA TRANSACCIÓN | |
| Campo de control | 20210601135746.0 |
| 008 - CÓDIGOS DE INFORMACIÓN DE LONGITUD FIJA | |
| Campo de control de longitud fija | 140529s1968 xxu||||| |||| 00| 0 spa d |
| 041 ## - CÓDIGO DE LENGUA | |
| Código de lengua del texto/banda sonora o título independiente | spa |
| 100 1# - PUNTO DE ACCESO PRINCIPAL-NOMBRE DE PERSONA | |
| Nombre de persona | Garaudy, Roger |
| Fechas asociadas al nombre | , 1913-2012 |
| 9 (RLIN) | 17518 |
| 245 00 - MENCIÓN DE TÍTULO | |
| Título | Que espera un no cristiano de la Iglesia en el problema de la formación y del desarrollo de las normas de la vida pública |
| Mención de responsabilidad, etc. | Roger Garaudy |
| 650 04 - PUNTO DE ACCESO ADICIONAL DE MATERIA-TÉRMINO DE MATERIA | |
| Término de materia o nombre geográfico como elemento inicial | Formación-Iglesia |
| 9 (RLIN) | 236370 |
| 773 0# - ENLACE AL DOCUMENTO FUENTE | |
| Título | Concilium |
| Parte(s) relacionada(s) | vol. 2, nº. 35, 1968, págs. 214-237 |
| Número de control del registro relacionado | Rev134 |
| 942 ## - ENTRADA DE ELEMENTOS AGREGADOS (KOHA) | |
| Koha [por defecto] tipo de item | Artículos de revista |
| Suprimido | Perdido | Estropeado | No para préstamo | Localización permanente | Localización actual | Localización en estantería | Fecha adquisición | Préstamos totales | Fecha última consulta | Fecha del precio de reemplazo | Tipo de item de Koha |
|---|---|---|---|---|---|---|---|---|---|---|---|
| San Esteban | San Esteban | Depósito de revistas | 11/07/2014 | 11/07/2014 | 11/07/2014 | Artículos de revista |
